Estatísticas para Recordes do Futebol

Clique aqui para jogar o quiz

Estatísticas Gerais

  • Esse quiz foi jogado 443 vezes
    (328 desde o último reset)
  • A pontuação média é 11 de 15

Estatísticas das Respostas

RecordeDetentor% Correto
Maior vencedor da Bola de OuroLionel Messi
100%
Seleção mais vezes Campeão de Copas do MundoBrasil
99%
Jogador com mais títulos de Copa do MundoPelé
99%
Maior artilheiro da história do futebol em jogos oficiaisCristiano Ronaldo
97%
Goleiro com mais gols feitos em todos os temposRogério Ceni
92%
Clube com mais títulos mundiaisReal Madrid
87%
Jogador com mais títulos na carreiraDaniel Alves
81%
Maior artilheiro de Copas do MundoMiroslav Klose
81%
Jogador com mais gols de falta na carreiraJuninho Pernambucano
62%
Hat-trick mais rápido da históriaRobert Lewandowski
61%
Maior artilheiro do BrasileirãoRoberto Dinamite
61%
Maior invencibilidade entre seleçõesItália
57%
Treinador com uma Sêxtupla coroaJosep Guardiola│Hans-Dieter Flick
57%
Goleiro com mais jogos sem sofrer gols ao longo da carreiraLev Yashin
47%
Pior campanha já feita em um Campeonato oficialÍbis
26%

Distribuição das Pontuações

Percentil de Números Respondidos

Porcentagem de Pessoas com Cada Pontuação

Sua Pontuação Histórica

Você não jogou esse quiz desde o último reset